[Event "9.Offene Senioren SH 2015"]
[Site "Buesum"]
[Date "2015.10.07"]
[Round "9.1"]
[White "Schumacher, Gottfried"]
[Black "Bartsch, Berthold"]
[Result "0-1"]
[WhiteElo "2246"]
[BlackElo "2323"]
[PlyCount "82"]
[EventDate "2015.??.??"]
[WhiteTeam "HTC Bad Neuenahr"]
[BlackTeam "SC Forchheim"]

1. c4 e5 2. Nf3 Nc6 3. d3 f5 4. Nc3 Nf6 5. g3 Be7 6. Bg2 d6 7. Nd5 Nxd5 8. cxd5
Nb8 9. h4 O-O 10. Ng5 h6 11. Nh3 c5 12. f4 Nd7 13. Bd2 Nf6 14. e3 Rb8 15. Bc3
Ng4 16. Qe2 b5 17. b3 Bf6 18. O-O b4 19. fxe5 bxc3 20. exf6 Qxf6 21. Bf3 Ne5 22.
Nf4 Ba6 23. Rad1 Rbe8 24. Rf2 Re7 25. Ne6 Rfe8 26. Bg2 Ng4 27. Rf4 Qe5 28. Re1
Bc8 29. d4 cxd4 30. exd4 Qxe2 31. Rxe2 Bxe6 32. dxe6 Rc8 33. Rf1 c2 34. Rc1 Rc3
35. Rexc2 Rxg3 36. d5 f4 37. Kh1 f3 38. Bf1 g5 39. Bd3 gxh4 40. Be4 Kg7 41. Rc7
Nf2+ 0-1

[Event "9.Offene Senioren SH 2015"]
[Site "Buesum"]
[Date "2015.10.07"]
[Round "9.3"]
[White "Gehrmann, Rudolf-Rainer"]
[Black "Hess, Christian"]
[Result "1/2-1/2"]
[WhiteElo "2132"]
[BlackElo "2203"]
[PlyCount "42"]
[EventDate "2015.??.??"]
[WhiteTeam "SV Eutin"]
[BlackTeam "FC St. Pauli"]

1. c4 Nf6 2. Nf3 b6 3. g3 Bb7 4. Bg2 g6 5. b3 Bg7 6. Bb2 O-O 7. O-O c5 8. d4
cxd4 9. Bxd4 d6 10. Bb2 Nbd7 11. Nc3 Rc8 12. Re1 Ne4 13. Rc1 b5 14. Nd2 Bxc3 15.
Bxc3 Nxc3 16. Rxc3 Bxg2 17. Kxg2 Qa5 18. Rc2 a6 19. Qb1 b4 20. Nf3 Nc5 21. Rd2
Qb6 1/2-1/2

[Event "9.Offene Senioren SH 2015"]
[Site "Buesum"]
[Date "2015.10.07"]
[Round "9.4"]
[White "Ackermann, Hans Werner"]
[Black "Rueberg, Jobst"]
[Result "1-0"]
[WhiteElo "2333"]
[BlackElo "2143"]
[PlyCount "43"]
[EventDate "2015.??.??"]
[WhiteTeam "SSC Rostock"]
[BlackTeam "SV Ahlen"]

1. Nf3 Nf6 2. b3 b6 3. Bb2 Bb7 4. c4 c5 5. e3 e6 6. Be2 Be7 7. O-O O-O 8. d4 d5
9. Nbd2 Nc6 10. Rc1 Rc8 11. Qc2 h6 12. Qb1 Ne4 13. Rfd1 Nxd2 14. Rxd2 cxd4 15.
Nxd4 Nxd4 16. Rxd4 Bf6 17. Rg4 Qe7 18. Rd1 Rc7 19. cxd5 Bxd5 20. e4 Bxb2 21.
Qxb2 f5 22. exd5 1-0

[Event "9.Offene Senioren SH 2015"]
[Site "Buesum"]
[Date "2015.10.07"]
[Round "9.5"]
[White "Baum, Bernd"]
[Black "Zunker, Reinhard"]
[Result "1-0"]
[WhiteElo "2264"]
[BlackElo "2135"]
[PlyCount "119"]
[EventDate "2015.??.??"]
[WhiteTeam "SV Empor Erfurt"]
[BlackTeam "SV Hofheim"]

1. g3 c5 2. Bg2 Nc6 3. e4 g6 4. d3 Bg7 5. Nc3 e6 6. Be3 Nd4 7. Nce2 Nxe2 8. Nxe2
Qa5+ 9. c3 Ne7 10. O-O O-O 11. Qd2 d5 12. Bh6 Bd7 13. Bxg7 Kxg7 14. exd5 exd5
15. d4 Qb6 16. Rad1 c4 17. Nf4 Qd6 18. Rde1 Bc6 19. Re5 Rfd8 20. Rfe1 Rd7 21.
Qe2 Kf8 22. Qf3 Kg8 23. h4 Rad8 24. h5 Qf6 25. Nxg6 Qxf3 26. Nxe7+ Rxe7 27. Bxf3
Rxe5 28. Rxe5 h6 29. Kf1 Kf8 30. Ke2 Rd6 31. Bg2 f6 32. Re3 Kf7 33. Kd2 Bd7 34.
Bf3 Be6 35. Kc1 b5 36. Bd1 Bd7 37. Bc2 Kf8 38. Bg6 Bc6 39. Bf5 Kf7 40. Re1 Kf8
41. Re6 Rxe6 42. Bxe6 Ke7 43. Bg4 Kd6 44. Kd2 Be8 45. Ke3 Bf7 46. Kf4 Bg8 47.
Bc8 Kc7 48. Bf5 Kd6 49. Bg6 Be6 50. Be8 a6 51. Bg6 a5 52. a3 Ke7 53. Bf5 Bf7 54.
Kg4 Kd6 55. Kh4 Ke7 56. f3 Be8 57. g4 Bc6 58. f4 Kf7 59. g5 Kg7 60. Be6 1-0

[Event "9.Offene Senioren SH 2015"]
[Site "Buesum"]
[Date "2015.10.07"]
[Round "9.6"]
[White "Hassenrueck, Helmut"]
[Black "Hunold, Rolf"]
[Result "1-0"]
[WhiteElo "2240"]
[BlackElo "2093"]
[PlyCount "85"]
[EventDate "2015.??.??"]
[WhiteTeam "SG-Gladbeck"]
[BlackTeam "SV Ruhrspringer"]

1. d4 Nf6 2. Nf3 e6 3. c4 d5 4. Nc3 Bb4 5. cxd5 exd5 6. Bg5 Nbd7 7. e3 c6 8. Bd3
Qa5 9. Qc2 O-O 10. O-O h6 11. Bh4 Re8 12. Nd2 a6 13. Rac1 g5 14. Bg3 Qd8 15. a3
Bf8 16. e4 Bg7 17. e5 Nh5 18. Qd1 Nxg3 19. fxg3 Nf8 20. Nb3 b6 21. Qh5 Be6 22.
Kh1 Qc8 23. g4 Re7 24. Bf5 Rb8 25. h4 gxh4 26. Qxh4 Qe8 27. Rf3 Nh7 28. Bxh7+
Kxh7 29. g5 Rc7 30. gxh6 Bh8 31. Rg3 Qe7 32. Qf4 Rcc8 33. Re1 Rg8 34. Nd2 c5 35.
Ne2 Rbc8 36. Nf3 Rxg3 37. Nxg3 Rg8 38. Nf5 Qd8 39. N3h4 Qg5 40. Qf2 cxd4 41.
Nxd4 Bxe5 42. Ndf3 Qg3 43. Qc2+ 1-0

[Event "9.Offene Senioren SH 2015"]
[Site "Buesum"]
[Date "2015.10.07"]
[Round "9.7"]
[White "Neumann, Joachim"]
[Black "Ljubarskij, Juri"]
[Result "1/2-1/2"]
[WhiteElo "2105"]
[BlackElo "2226"]
[PlyCount "84"]
[EventDate "2015.??.??"]
[WhiteTeam "Kieler SG"]
[BlackTeam "Hannover 96"]

1. c4 g6 2. g3 Bg7 3. Bg2 e5 4. Nc3 Nc6 5. e4 d6 6. Nge2 Nge7 7. d3 O-O 8. O-O
Be6 9. Nd5 Nb8 10. d4 exd4 11. Nxd4 Bd7 12. Bg5 f6 13. Be3 c6 14. Nc3 f5 15. Qd2
Na6 16. Rad1 Nc7 17. exf5 gxf5 18. Rfe1 Ng6 19. Nde2 Be6 20. b3 Ne8 21. Nf4 Bf7
22. Nh5 Qa5 23. Nxg7 Nxg7 24. Ne2 Qxd2 25. Rxd2 Rfd8 26. Red1 Ne8 27. Bg5 Rd7
28. Bh3 Ne5 29. Bxf5 Nf3+ 30. Kg2 Nxd2 31. Bxd7 Ne4 32. Be3 d5 33. cxd5 Bxd5 34.
f3 N4f6 35. Bh3 a5 36. Nf4 Bf7 37. Be6 Bxe6 38. Nxe6 Nd5 39. Bd2 Nef6 40. Nf4
Rd8 41. Rf1 Nxf4+ 42. Bxf4 Nd5 1/2-1/2

[Event "9.Offene Senioren SH 2015"]
[Site "Buesum"]
[Date "2015.10.07"]
[Round "9.8"]
[White "Kierzek, Matthias"]
[Black "Villing, Dieter"]
[Result "1-0"]
[WhiteElo "2226"]
[BlackElo "2066"]
[PlyCount "83"]
[EventDate "2015.??.??"]
[WhiteTeam "SC Fulda"]
[BlackTeam "SK Ludwigshafen"]

1. d4 d6 2. e4 Nf6 3. Nc3 c6 4. Nf3 Bg4 5. h3 Bh5 6. Qe2 d5 7. e5 Ne4 8. Nxe4
dxe4 9. Qxe4 Bxf3 10. gxf3 e6 11. Bd3 Nd7 12. Be3 Qa5+ 13. c3 O-O-O 14. b4 Qc7
15. Ke2 Be7 16. a3 f5 17. exf6 Bxf6 18. Qxe6 Kb8 19. Be4 Rhe8 20. Qf5 g6 21. Qf4
Qxf4 22. Bxf4+ Kc8 23. h4 Nb6 24. Bg5 Nd5 25. Kd3 Bxg5 26. hxg5 Nf4+ 27. Kc2 Re7
28. a4 Kc7 29. b5 cxb5 30. axb5 Kb6 31. Bd3 Rd5 32. Rhb1 Rxg5 33. c4 Rg2 34. c5+
Kc7 35. Be4 Rxf2+ 36. Kc3 Re2 37. Rxa7 Re3+ 38. Kc4 R7xe4 39. fxe4 Rxe4 40. c6
Ne6 41. Rxb7+ Kc8 42. Ra1 1-0

[Event "9.Offene Senioren SH 2015"]
[Site "Buesum"]
[Date "2015.10.07"]
[Round "9.9"]
[White "Glaeser, Wilfried"]
[Black "Lutz, Albert"]
[Result "0-1"]
[WhiteElo "2135"]
[BlackElo "2204"]
[PlyCount "98"]
[EventDate "2015.??.??"]
[WhiteTeam "SK Anderten"]
[BlackTeam "SK Krumbach"]

1. Nf3 d5 2. b3 Nf6 3. Bb2 c5 4. e3 Bg4 5. Be2 Nc6 6. h3 Bh5 7. O-O e6 8. c4
dxc4 9. bxc4 Be7 10. d4 O-O 11. Nbd2 Bg6 12. Nb3 cxd4 13. exd4 a5 14. a4 Nb4 15.
Ne1 Qc7 16. Nd3 Qxc4 17. Nxb4 Qxb4 18. Ba3 Qxa3 19. Rxa3 Bxa3 20. Bf3 Nd5 21.
Bxd5 exd5 22. Qe2 b6 23. Qb5 Rab8 24. Qxd5 Rfe8 25. Qb5 Red8 26. Re1 Bb4 27. Re2
f6 28. Re3 Be8 29. Qc4+ Kh8 30. d5 Bxa4 31. Nd4 Rbc8 32. Nc6 Bxc6 33. dxc6 Bc5
34. Rd3 Re8 35. Qd5 h6 36. Qd7 b5 37. c7 Bb6 38. Rc3 a4 39. Rc6 Ba5 40. g3 a3
41. Qxe8+ Rxe8 42. c8=Q Rxc8 43. Rxc8+ Kh7 44. Ra8 Bb4 45. Kf1 Bc5 46. Ke2 b4
47. f3 b3 48. Kd3 a2 49. Kc3 Bd4+ 0-1

[Event "9.Offene Senioren SH 2015"]
[Site "Buesum"]
[Date "2015.10.07"]
[Round "9.11"]
[White "Kierzek, Mira"]
[Black "Lotzien, Hans"]
[Result "1/2-1/2"]
[WhiteElo "2054"]
[BlackElo "2165"]
[PlyCount "20"]
[EventDate "2015.??.??"]
[WhiteTeam "SC Fulda"]
[BlackTeam "Godesberger SK"]

1. d4 d5 2. c4 c6 3. Nf3  dxc4 4. e3 Be6 5. a4 Nf6 6. Nc3 h6 7. Ne5 Nbd7 8. Nxc4
Bxc4 9. Bxc4 e6 10. O-O Be7 1/2-1/2

[Event "9.Offene Senioren SH 2015"]
[Site "Buesum"]
[Date "2015.10.07"]
[Round "9.12"]
[White "Weyrauch, Erich"]
[Black "Strenzke, Guenter"]
[Result "1-0"]
[WhiteElo "2153"]
[BlackElo "2018"]
[PlyCount "80"]
[EventDate "2015.??.??"]
[WhiteTeam "SV Ruhrspringer"]
[BlackTeam "SCC Palame"]

1. e4 e6 2. c4 d5 3. cxd5 exd5 4. Qb3 c6 5. d4 Nf6 6. e5 Ne4 7. Nc3 Qa5 8. Bd3
Nxc3 9. bxc3 Qb6 10. Qc2 Qc7 11. Nf3 Bg4 12. Nh4 Bh5 13. h3 Nd7 14. f4 Qd8 15.
Nf5 Bg6 16. O-O Bxf5 17. Bxf5 g6 18. Bd3 f5 19. Rb1 Qc7 20. Qb3 b5 21. Be3 Be7
22. a4 a6 23. Ra1 O-O 24. Ra2 Nb6 25. axb5 axb5 26. Rfa1 Rxa2 27. Rxa2 Qb7 28.
Kh2 Ra8 29. g4 fxg4 30. hxg4 Nc4 31. Bf2 Rf8 32. f5 Bg5 33. Qd1 Qg7 34. Qf3 Nd2
35. Qh3 gxf5 36. gxf5 Bf4+ 37. Kh1 Qg5 38. Ra1 Qh6 39. Rg1+ Kf7 40. e6+ Ke8 {
Weiss gewinnt nach weiteren Zuegen (Anm.: nicht rekonstruierbar).} 1-0

[Event "9.Offene Senioren SH 2015"]
[Site "Buesum"]
[Date "2015.10.07"]
[Round "9.13"]
[White "Jacoby, Gisbert"]
[Black "Lomer, Edmund"]
[Result "1/2-1/2"]
[WhiteElo "2151"]
[BlackElo "2034"]
[PlyCount "64"]
[EventDate "2015.??.??"]
[WhiteTeam "FC St. Pauli"]
[BlackTeam "Eckernfoerder SC"]

1. c4 e5 2. e3 Nf6 3. Nc3 c6 4. d4 exd4 5. Qxd4 Bb4 6. Bd2 O-O 7. Nf3 d5 8. cxd5
Nxd5 9. Nxd5 Bxd2+ 10. Qxd2 Qxd5 11. Qxd5 cxd5 12. Nd4 Bd7 13. Rc1 Rc8 14. Rxc8+
Bxc8 15. Nb5 Na6 16. Be2 Bd7 17. Kd2 Bxb5 18. Bxb5 Nc5 19. Rc1 Rc8 20. f3 Rc7
21. b4 Ne6 22. Rxc7 Nxc7 23. Bd7 Kf8 24. Bc8 b6 25. Kd3 Ke7 26. f4 Kd6 27. Bg4
g6 28. Be2 Ne6 29. g4 d4 30. f5 gxf5 31. gxf5 Ng7 32. Kxd4 Nxf5+ 1/2-1/2

[Event "9.Offene Senioren SH 2015"]
[Site "Buesum"]
[Date "2015.10.07"]
[Round "9.14"]
[White "Kracht, Helmut"]
[Black "Nyberg, Ulf"]
[Result "1/2-1/2"]
[WhiteElo "2039"]
[BlackElo "2151"]
[PlyCount "52"]
[EventDate "2015.??.??"]
[WhiteTeam "SK Kaltenkirchen"]
[BlackTeam "SK Kamraterna Goeteborg"]

1. e4 c5 2. Nc3 Nc6 3. Bb5 g6 4. Bxc6 bxc6 5. d3 Bg7 6. f4 d6 7. Nf3 Nf6 8. O-O
O-O 9. Qe1 Nd7 10. Kh1 e5 11. f5 Kh8 12. fxg6 fxg6 13. Bg5 Nf6 14. Qh4 Be6 15.
b3 Qe7 16. Rf2 Rf7 17. Raf1 Raf8 18. h3 Qd7 19. Nxe5 dxe5 20. Bxf6 Bxf6 21. Rxf6
Qe7 22. Rxf7 Qxh4 23. Rxf8+ Kg7 24. R8f6 Bxh3 25. gxh3 Qxh3+ 26. Kg1 Qg3+
1/2-1/2

[Event "9.Offene Senioren SH 2015"]
[Site "Buesum"]
[Date "2015.10.07"]
[Round "9.15"]
[White "Lehr, Thomas"]
[Black "Klages, Hans Juergen"]
[Result "1/2-1/2"]
[WhiteElo "1924"]
[BlackElo "2121"]
[PlyCount "41"]
[EventDate "2015.??.??"]
[WhiteTeam "Husumer SV"]
[BlackTeam "SVg Boehmetal"]

1. c4 Nf6 2. g3 e5 3. Bg2 d5 4. cxd5 Nxd5 5. Nc3 Be6 6. Nf3 Nc6 7. d3 Be7 8. Bd2
O-O 9. O-O h6 10. Nxd5 Bxd5 11. Bc3 Bf6 12. Re1 Re8 13. e4 Be6 14. b4 Qd6 15.
Qd2 a6 16. h3 Rad8 17. Rad1 Qd7 18. Kh2 Nd4 19. Nxd4 exd4 20. Ba1 Be7 21. Qb2
1/2-1/2

[Event "9.Offene Senioren SH 2015"]
[Site "Buesum"]
[Date "2015.10.07"]
[Round "9.16"]
[White "Achenbach, Manfred"]
[Black "Lehmann, Erwin"]
[Result "1/2-1/2"]
[WhiteElo "2094"]
[BlackElo "2001"]
[PlyCount "105"]
[EventDate "2015.??.??"]
[WhiteTeam "SC Muelheim"]
[BlackTeam "Ahrensburger TSV"]

1. Nf3 c5 2. g3 Nc6 3. Bg2 g6 4. d4 cxd4 5. Nxd4 Bg7 6. Nb3 Nf6 7. O-O b6 8. e4
O-O 9. Nc3 Bb7 10. Qe2 d6 11. Be3 Nd7 12. f4 a5 13. Qf2 a4 14. Nd4 Rc8 15. a3
Nxd4 16. Bxd4 Rc4 17. Bxg7 Kxg7 18. Rad1 Qa8 19. Rfe1 Nc5 20. Rd4 Rxd4 21. Qxd4+
f6 22. Nd5 Bxd5 23. exd5 Kf7 24. Qb4 Qb7 25. Qd4 Rc8 26. h4 h5 27. Re2 f5 28.
Qe3 Qa7 29. b4 axb3 30. cxb3 Rc7 31. a4 Qa5 32. Qd4 Rc8 33. Kh2 Nxb3 34. Qe3 Rc7
35. Qxb3 Rc3 36. Qb1 Ra3 37. Qb2 Qxa4 38. Qh8 Qe8 39. Qh7+ Kf8 40. Qh6+ Kf7 41.
Qh7+ Kf8 42. Rc2 Ra8 43. Qh8+ Kf7 44. Qd4 Rb8 45. Rc6 b5 46. Qb4 Qd7 47. Bf1 Qa7
48. Rc2 Qe3 49. Bg2 Ra8 50. Qb2 Ra3 51. Re2 Qxg3+ 52. Kg1 Ra8 53. Rxe7+ 1/2-1/2

[Event "9.Offene Senioren SH 2015"]
[Site "Buesum"]
[Date "2015.10.07"]
[Round "9.17"]
[White "Duemmke, Juergen"]
[Black "Erhart, Uwe"]
[Result "1/2-1/2"]
[WhiteElo "2035"]
[BlackElo "2087"]
[PlyCount "24"]
[EventDate "2015.??.??"]
[WhiteTeam "SV Grosshansdorf"]
[BlackTeam "Raisdorfer SG"]

1. e4 c5  2. Nf3 d6 3. Bb5+ Bd7 4. Bxd7+ Qxd7 5. O-O Nf6 6. Re1 Nc6 7. d4 cxd4
8. Nxd4 g6 9. c3 Bg7 10. Bg5 O-O  11. a3 Rac8 12. f3 Rfe8 1/2-1/2

[Event "9.Offene Senioren SH 2015"]
[Site "Buesum"]
[Date "2015.10.07"]
[Round "9.19"]
[White "Dahlhaus, Friedhelm"]
[Black "Krotofil, Kurt"]
[Result "1/2-1/2"]
[WhiteElo "2121"]
[BlackElo "1986"]
[PlyCount "80"]
[EventDate "2015.??.??"]
[WhiteTeam "DJK Wacker Bergeborbeck"]
[BlackTeam "Niendorfer TSV"]

1. e4 c5 2. Nf3 Nc6 3. d4 cxd4 4. Nxd4 Nf6 5. Nc3 e5 6. Ndb5 d6 7. Nd5 Nxd5 8.
exd5 Nb8 9. c4 Be7 10. Be2 O-O 11. O-O Nd7 12. Be3 a6 13. Nc3 f5 14. f4 Bf6 15.
Qd2 e4 16. Rac1 b6 17. b4 a5 18. a3 axb4 19. axb4 Ba6 20. g4 g6 21. g5 Bg7 22.
Bd4 Qe7 23. Nb5 Bxb5 24. cxb5 Rfc8 25. Rc6 Re8 26. Rc7 Qd8 27. Rfc1 Ra2 28. Qxa2
Bxd4+ 29. Kf1 Be3 30. Qa7 Qa8 31. Ra1 Qxa7 32. Raxa7 Nf8 33. Rg7+ Kh8 34. Kg2
Bxf4 35. h4 Be5 36. Rge7 Rc8 37. Rec7 Re8 38. Re7 Rd8 39. Kh3 Rc8 40. Rec7 Rd8
1/2-1/2

[Event "9.Offene Senioren SH 2015"]
[Site "Buesum"]
[Date "2015.10.07"]
[Round "9.20"]
[White "Reinhold, Klaus"]
[Black "Kuehn, Peter"]
[Result "1-0"]
[WhiteElo "2057"]
[BlackElo "1985"]
[PlyCount "51"]
[EventDate "2015.??.??"]
[WhiteTeam "SC Gronau"]
[BlackTeam "SV Malchow"]

1. d4 f5 2. Bg5 g6 3. Nc3 Bg7 4. e4 fxe4 5. Nxe4 d5 6. Ng3 Nc6 7. c3 Nf6 8. Nf3
Bg4 9. Be2 Bxf3 10. Bxf3 Qd7 11. O-O O-O-O 12. Re1 Rhe8 13. b4 h6 14. Bxf6 exf6
15. Qb3 Rxe1+ 16. Rxe1 Ne7 17. b5 Kb8 18. a4 f5 19. Ne2 g5 20. g3 Bf8 21. Nc1
Ng6 22. Qxd5 Qxd5 23. Bxd5 Ne7 24. Bf7 c6 25. Nd3 Kc7 26. Nc5 1-0

[Event "9.Offene Senioren SH 2015"]
[Site "Buesum"]
[Date "2015.10.07"]
[Round "9.21"]
[White "Riek, Wolfgang"]
[Black "Quiring, Nikolai"]
[Result "1-0"]
[WhiteElo "1982"]
[BlackElo "2048"]
[PlyCount "67"]
[EventDate "2015.??.??"]
[WhiteTeam "SC Muelheim"]
[BlackTeam "SV VHS Rendsburg"]

1. Nf3 f5 2. d4 e6 3. c4 Nf6 4. Nc3 b6 5. Bg5 Bb7 6. e3 Be7 7. Bd3 h6 8. Bxf6
Bxf6 9. e4 fxe4 10. Bxe4 Bxe4 11. Nxe4 O-O 12. O-O d6 13. Qe2 Nd7 14. Ng3 e5 15.
dxe5 Nxe5 16. Nxe5 Bxe5 17. Rae1 Qh4 18. b3 Rae8 19. Qe4 Qf6 20. Qd5+ Kh8 21.
Re3 Qd8 22. Rf3 Bf4 23. Qd4 Be5 24. Rxf8+ Rxf8 25. Qe3 Qh4 26. h3 c5 27. Ne2 Rf6
28. f4 Bb2 29. Kh2 Rf8 30. Qd2 Bf6 31. Qxd6 Rd8 32. Qe6 Rd2 33. Qe8+ Kh7 34. g3
1-0

[Event "9.Offene Senioren SH 2015"]
[Site "Buesum"]
[Date "2015.10.07"]
[Round "9.22"]
[White "Kurka, Dieter"]
[Black "Hellwege, Werner"]
[Result "1-0"]
[WhiteElo "2044"]
[BlackElo "1976"]
[PlyCount "113"]
[EventDate "2015.??.??"]
[WhiteTeam "Koelner SK Dr. Lasker"]
[BlackTeam "SK Lister Turm"]

1. d4 d5 2. Nf3 Nf6 3. c4 c6 4. Nc3 g6 5. Bf4 Bg7 6. e3 O-O 7. h3 Bf5 8. Be2
dxc4 9. Bxc4 Nd5 10. Bxd5 cxd5 11. Qb3 b6 12. Qxd5 Nd7 13. O-O Be6 14. Qb7 Nf6
15. e4 Qd7 16. Qxd7 Bxd7 17. e5 Nh5 18. Be3 Bh8 19. Nd5 Rfd8 20. g4 Ng7 21.
Nxe7+ Kf8 22. Bg5 Re8 23. Nd5 Bc6 24. Nc7 Bxf3 25. Nxa8 Rxa8 26. Bf6 Kg8 27.
Rac1 Ne6 28. Rc3 Nxd4 29. Kh2 Bxf6 30. exf6 Bb7 31. Rc7 Rb8 32. Rd1 Ne6 33. Re7
Nf8 34. f4 h6 35. f5 a5 36. fxg6 Nxg6 37. Rdd7 Nxe7 38. fxe7 Re8 39. Rxb7 Kg7
40. Kg3 f6 41. Kf4 Kg6 42. h4 Kf7 43. Kf5 Rc8 44. e8=Q+ Kxe8 45. Kxf6 Rc6+ 46.
Kg7 Kd8 47. g5 hxg5 48. hxg5 Kc8 49. Re7 Rc2 50. g6 Rxb2 51. Kf8 Rxa2 52. g7 Rg2
53. g8=Q Rxg8+ 54. Kxg8 Kb8 55. Kf7 a4 56. Ke6 a3 57. Kd5 1-0

[Event "9.Offene Senioren SH 2015"]
[Site "Buesum"]
[Date "2015.10.07"]
[Round "9.24"]
[White "Berenstein, Alexander"]
[Black "Bars, Joachim"]
[Result "1/2-1/2"]
[WhiteElo "2030"]
[BlackElo "1945"]
[PlyCount "85"]
[EventDate "2015.??.??"]
[WhiteTeam "SV VHS Rendsburg"]
[BlackTeam "SV Heessen"]

1. d4 Nf6 2. c4 e6 3. Nf3 Bb4+ 4. Bd2 Be7 5. Nc3 d5 6. e3 O-O 7. c5 c6 8. b4
Nbd7 9. Bd3 Qc7 10. O-O e5 11. dxe5 Nxe5 12. Nxe5 Qxe5 13. h3 Bf5 14. Qc2 Bxd3
15. Qxd3 Rad8 16. f4 Qe6 17. Ne2 Ne4 18. Nd4 Qd7 19. Be1 Bf6 20. Rb1 Bxd4 21.
exd4 f5 22. a4 a6 23. b5 axb5 24. axb5 Rb8 25. Ba5 Qe7 26. Rb3 Ra8 27. Bb6 Ra2
28. Qe3 Qf6 29. Kh2 Nd2 30. Rf2 Nxb3 31. Rxa2 Nxd4 32. bxc6 Nxc6 33. Bc7 d4 34.
Qe2 Qf7 35. Bd6 Re8 36. Qd2 Qd5 37. Rb2 d3 38. Qd1 Nd8 39. Rd2 Re3 40. Qa4 Qe6
41. Qa8 Qd7 42. Qa2+ Qe6 43. Qa8 1/2-1/2

[Event "9.Offene Senioren SH 2015"]
[Site "Buesum"]
[Date "2015.10.07"]
[Round "9.26"]
[White "Jensen, Helmut"]
[Black "Schwertel, Johann"]
[Result "1/2-1/2"]
[WhiteElo "1923"]
[BlackElo "1991"]
[PlyCount "24"]
[EventDate "2015.??.??"]
[WhiteTeam "Schach bei Maedler"]
[BlackTeam "SV Koblenz"]

1. Nf3 d5 2. b3 Nf6 3. Bb2 g6 4. e3 Bg7 5. Be2 O-O 6. O-O c5 7. d4 b6 8. Nbd2
Bb7 9. c4 Nbd7  10. Rc1 Re8 11. a3 Rc8 12. cxd5 Nxd5 1/2-1/2

[Event "9.Offene Senioren SH 2015"]
[Site "Buesum"]
[Date "2015.10.07"]
[Round "9.27"]
[White "Blosze, Winfried"]
[Black "Schulz, Wolfgang"]
[Result "1/2-1/2"]
[WhiteElo "1846"]
[BlackElo "2052"]
[PlyCount "51"]
[EventDate "2015.??.??"]
[WhiteTeam "SV Grossauheim"]
[BlackTeam "Hamburger SK"]

1. e4 g6 2. d4 Bg7 3. c3 d6 4. Bd3 e5 5. Ne2 Nc6 6. Be3 Nf6 7. f3 O-O 8. d5 Ne7
9. c4 Nd7 10. Nbc3 a5 11. a3 Nc5 12. Bc2 f5 13. b4 fxe4 14. Nxe4 Nxe4 15. Bxe4
Nf5 16. Bf2 Nh4 17. O-O axb4 18. axb4 Rxa1 19. Qxa1 Qg5 20. Bxh4 Qxh4 21. Qc3
Qg5 22. Qd3 Bh3 23. Ng3 Bd7 24. Ra1 Bh6 25. Nf1 Bh3 26. Qe2 1/2-1/2

[Event "9.Offene Senioren SH 2015"]
[Site "Buesum"]
[Date "2015.10.07"]
[Round "9.28"]
[White "Duijker, Bert"]
[Black "Kluger, Hans-Peter"]
[Result "1-0"]
[WhiteElo "1907"]
[BlackElo "2015"]
[PlyCount "71"]
[EventDate "2015.??.??"]
[WhiteTeam "Veenendaal"]
[BlackTeam "SF Fallersleben"]

1. Nf3 d5 2. d4 Nf6 3. c4 c6 4. Qc2 Nbd7 5. Nbd2 g6 6. e4 dxe4 7. Nxe4 Nxe4 8.
Qxe4 Nf6 9. Qc2 Bg7 10. h3 O-O 11. Bd3 Bd7 12. O-O Qc7 13. Be3 Rfe8 14. Rac1
Rac8 15. Rfd1 b6 16. b3 Nh5 17. Qd2 f5 18. Bh6 Bxh6 19. Qxh6 e6 20. Qd2 Re7 21.
a4 c5 22. d5 exd5 23. cxd5 Qd6 24. Bc4 Nf6 25. Ng5 Ne4 26. Nxe4 Rxe4 27. Re1
Rce8 28. Rxe4 Rxe4 29. Re1 Qe5 30. Rxe4 Qxe4 31. Qc3 h5 32. Qf6 Be8 33. d6+ Kh7
34. Bf7 Bxf7 35. Qxf7+ Kh6 36. Qf8+ 1-0

[Event "9.Offene Senioren SH 2015"]
[Site "Buesum"]
[Date "2015.10.07"]
[Round "9.29"]
[White "Ophoff, Rigobert"]
[Black "Schwetje, Siegfried"]
[Result "1-0"]
[WhiteElo "2009"]
[BlackElo "1906"]
[PlyCount "65"]
[EventDate "2015.??.??"]
[WhiteTeam "Rhedaer SV"]
[BlackTeam "SC Bad Salzdetfurth"]

1. d4 Nf6 2. c4 g6 3. Nc3 c6  4. Nf3 d5 5. cxd5 cxd5 6. Bf4 Nc6 7. e3 Bg7 8. Nb5
Qa5+ 9. Qd2 O-O 10. Qxa5 Nxa5 11. Nc7 Bg4 12. Nxa8 Rxa8 13. Rc1 Nc6 14. Ne5 Nxe5
15. Bxe5 Bf8 16. f3 Bd7 17. Bxf6 exf6 18. Bd3 Bc6 19. Kf2 f5 20. f4 Re8 21. a3
a5 22. Rc3 a4 23. Rb1 Ra8 24. Rbc1 Rb8 25. Rb1 Ra8 26. b3 axb3 27. Rbxb3 Ra5 28.
Rc1 Kg7 29. Rcb1 Kf6 30. Bb5 Bxb5 31. Rxb5 Rxb5 32. Rxb5 Ke6 33. a4 1-0

[Event "9.Offene Senioren SH 2015"]
[Site "Buesum"]
[Date "2015.10.07"]
[Round "9.30"]
[White "Niebuhr, Gerd"]
[Black "Nickel, Juergen"]
[Result "1-0"]
[WhiteElo "1999"]
[BlackElo "1899"]
[PlyCount "53"]
[EventDate "2015.??.??"]
[WhiteTeam "Freibauer Wedemark"]
[BlackTeam "Flensburger SK"]

1. d4 Nf6 2. c4 e5 3. dxe5 Ng4 4. Nf3 Nc6 5. e3 Ngxe5 6. Be2 Bb4+ 7. Bd2 Qe7 8.
O-O O-O 9. Nc3 Bxc3 10. Bxc3 Nxf3+ 11. Bxf3 Ne5 12. Be2 d6 13. Qd2 Be6 14. b3 f6
15. f4 Nd7 16. Bf3 Rab8 17. e4 Bf7 18. Rfe1 Rfe8 19. Rad1 Nc5 20. e5 dxe5 21.
fxe5 fxe5 22. Rxe5 Ne6 23. Qe3 a6 24. Re1 Qf8 25. Bd5 Qc5 26. Qxc5 Nxc5 27.
Rxe8+ 1-0

[Event "9.Offene Senioren SH 2015"]
[Site "Buesum"]
[Date "2015.10.07"]
[Round "9.31"]
[White "Bendisch, Juergen"]
[Black "Weiss, Hartwig"]
[Result "1/2-1/2"]
[WhiteElo "1901"]
[BlackElo "1997"]
[PlyCount "39"]
[EventDate "2015.??.??"]
[WhiteTeam "SV Hennef"]
[BlackTeam "SK Minden"]

1. d4 Nf6 2. Nf3 e6 3. Bf4 b6 4. e3 Bb7 5. Nbd2 d5 6. h3 Bd6 7. Bxd6 Qxd6 8. Be2
Nbd7 9. c3 O-O 10. O-O c5 11. Bb5 Qc7 12. Re1 Rfd8 13. Bxd7 Qxd7 14. Ne5 Qd6 15.
Qe2 Nd7 16. Nxd7 Qxd7 17. f4 a5 18. Nf3 f6 19. Rec1 Rdc8 20. a3 1/2-1/2

[Event "9.Offene Senioren SH 2015"]
[Site "Buesum"]
[Date "2015.10.07"]
[Round "9.32"]
[White "Liphardt, Bodo"]
[Black "Schnaitmann, Herbert"]
[Result "1/2-1/2"]
[WhiteElo "1892"]
[BlackElo "1995"]
[PlyCount "26"]
[EventDate "2015.??.??"]
[WhiteTeam "SC Novartis Basel"]
[BlackTeam "SC Grunbach"]

1. e4 d6 2. d4 g6 3. Nc3 Bg7 4. Bg5 c5 5. Bb5+ Bd7 6. Bxd7+ Nxd7 7. Nf3 Rc8 8.
Ne2 cxd4 9. Nfxd4 Ngf6 10. Ng3 O-O 11. O-O a6 12. c3 Nc5 13. Re1 b5 1/2-1/2

[Event "9.Offene Senioren SH 2015"]
[Site "Buesum"]
[Date "2015.10.07"]
[Round "9.33"]
[White "Gudat, Alfons"]
[Black "Kluegel, Jan"]
[Result "0-1"]
[WhiteElo "1969"]
[BlackElo "1882"]
[PlyCount "96"]
[EventDate "2015.??.??"]
[WhiteTeam "SK Oldenburg"]
[BlackTeam "SV VHS Rendsburg"]

1. Nf3 Nf6 2. d4 d5 3. c4 c6 4. Nc3 a6 5. e3 Bf5 6. Qb3 b5 7. cxd5 cxd5 8. Be2
e6 9. O-O Bd6 10. a4 b4 11. Na2 a5 12. Bb5+ Nbd7 13. Ne5 O-O 14. f4 Nb6 15. Bd2
Ne4 16. Rfd1 f6 17. Nf3 Ra7 18. Be1 g5 19. g3 Qe7 20. Rac1 Qg7 21. Kh1 Qh6 22.
Rc2 Bg4 23. Be2 Qh5 24. Ng1 Bxe2 25. Rxe2 Rc7 26. Rg2 Rfc8 27. g4 Qg6 28. f5 Qf7
29. Nf3 Nd7 30. h4 h6 31. Nd2 exf5 32. gxf5 Nb6 33. Qd3 Nxa4 34. Nxe4 dxe4 35.
Qa6 Qd5 36. b3 Qxb3 37. Qxd6 Qxd1 38. Qg3 Qf3 39. Qd6 Qh3+ 40. Kg1 Qxf5 41. hxg5
hxg5 42. d5 Qe5 43. Qxe5 fxe5 44. d6 Rd7 45. Rxg5+ Kf7 46. Rxe5 b3 47. Rxa5 bxa2
48. Rxa4 Rc1 0-1